000 00672nam a2200217Ia 4500
005 20250508165341.0
008 008 250505s9999 xx 000 0 eng d
020 _a978-93-82835-09-7
037 _aReference
040 _aFEDL
_beng
_cFEDL
041 _aeng
_2eng
084 _a704.04, SAN/RR
_qFEDL
100 _aSanger Alice E
_9780575
245 0 _aArt, gender and religious devotion in grand ducal tuscany
260 _aFarnham, England
_bAshgate Publishing Limited
_c2014
300 _aviii, 166p.
365 _aGBP
_b60
490 _aWomen and Gender in the Early Modern World
942 _cREF
_h704.04, SAN/RR
999 _c1394612
_d1394612